000 00518nam a2200169Ia 4500
008 230925s9999||||xx |||||||||||||| ||und||
082 _a621.45 SAT
100 _aSatti, Muhammad Haris (275842)
_9118226
245 0 _aNumerical Modelling of Wind Turbine Blade to Evaluate Damage due to Impact Loads /
260 _bUSPCAS-E, NUST,Islamabad :
_c2022
300 _axi, 52 p.
520 _aTH-461
650 _vMS Thesis
_918721
650 _vMS ESE Thesis
700 _aDr. Sehar Shakir
_9117750
942 _cTHE
_2ddc
999 _c603208
_d603208